| 000 | 00391cam a2200145ua 4500 | ||
|---|---|---|---|
| 041 |
_aeng _h |
||
| 082 |
_a030 _bJON/WO |
||
| 100 | _aJones, Morris J. | ||
| 245 |
_aWorld book encyclopaedia vol-1 / _cJ Morris Jones. _hTextual Documents |
||
| 260 |
_aChicago : _bField Enterprise Eduacational Corporation , _c1961. |
||
| 300 | _a838 ; . | ||
| 504 | _a | ||
| 942 | _cBK | ||
| 999 |
_c9140 _d9140 |
||